000
00329nam a22001457a 4500
008
210305b ||||| |||| 00| 0 eng d
020
_a
0070109052
041
_a
eng
080
_2
5th
_a
51
082
_a
51
100
_a
36
101
_a
MAT
245
_a
Complex Variables and Applications
_c
Churchill, R.V
942
_2
udc
_c
BK
999
_c
55851
_d
55851